000 00636nam a2200217 4500
003 OSt
005 20260530115302.0
008 260508b1997 |||o|||| |||| 00| 0 spa d
020 _a9802598089
040 _aICI
_bspa
_cICI
050 _aNK2454
_b.S28 1997
100 1 _aCentro de Arte La Estancia
_931437
245 1 0 _aSilla • Sentados en un siglo:
_bemblemas cotidianos en Venezuela
264 1 _bEstancia Book
_c1997
_aVenezuela
300 _a120 páginas
336 _atexto
_2rdacontent
337 _asin medio
_2rdamedia
338 _avolumen
_2rdacarrier
700 _aSato, Alberto
_eCuraduría y Textos
942 _2lcc
_cBK
_n1
999 _c12923
_d12923